=LDR 00000nam 2200000 4500 =001 INLIS000000000014379 =005 20130612105647 =008 ***********************************Ind** =035 ##$$0010-061300000014379 =041 ##$$a Ind =082 ##$$a 621.24 =090 ##$$a 621.24, Sha t =100 ##$$a Shalyakin, P =245 ##$$a Turbin uab, Teori dan rancangan, P.Shalyakin ;Alih bahasa Zulkifli harahap ;Editor Zulkifli harahap =260 ##$$a 1999 $b Jakarta =300 ##$$a ix,329 hlm, ilus, 24cm =650 ##$$a TURBIN =850 ##$$a NBPNMAT